| 000 | 00729nam a2200241Ia 4500 | ||
|---|---|---|---|
| 003 | OSt | ||
| 005 | 20220923220937.0 | ||
| 006 | a|||||r|||| 00| 0 | ||
| 007 | ta | ||
| 008 | 220922b |||||||| |||| 00| 0 hin d | ||
| 024 | _a192,527 | ||
| 037 | _cTextual | ||
| 040 |
_aARTS _cARTS _bhin |
||
| 041 |
_2hin _ahin |
||
| 082 | _aU8.2xNYA, 152M8 | ||
| 100 |
_aयाज्ञिक, रमेश _9156275 |
||
| 245 | 0 | _aयात्री के पत्र | |
| 246 | _aYātrī ke patra | ||
| 260 |
_aदिल्ली _b अंकुर प्रकाशन _c1988 |
||
| 300 |
_a183पृ. _ccm. |
||
| 942 |
_hU8.2xNYA, 152M8 _cTEXL _2CC |
||
| 999 |
_c345128 _d345128 |
||